• 首页
  • 本馆介绍
  • 公告通知
  • 最新文献
  • 馆藏检索
  • 电子资源
  • 读者导购
  • 参考咨询
  • 我的图书馆
  • 登录
  • 详细信息显示
  • 放入我的书架
  • 预约/预借图书
  • 作者相关作品
  • 分类相关作品
  • 丛书相关作品
  • 出版社相关作品

书目信息

  • 表格格式
  • 工作单格式
  • 卡片格式
题名:
光学真空镀膜技术
    
 
作者: 石澎 , 马平 主编
分册:  
出版信息: 北京   机械工业出版社  2022.02
页数: 138页
开本: 24cm
丛书名:
单 册:
中图分类: O484.4 , TN305.8 , O48
科图分类:
主题词: 薄膜光学--bo mo guang xue , 真空技术--zhen kong ji shu--镀膜
电子资源:
ISBN: 978-7-111-69356-7
000 01096nam0 2200313 450
001 2248289011
005 20220915132601.72
010    @a978-7-111-69356-7@dCNY46.00
092    @aCN@bRt1015-0480
100    @a20220309d2022 em y0chiy50 ea
101 0  @achi
102    @aCN@b110000
105    @aa a 000yy
200 1  @a光学真空镀膜技术@Aguang xue zhen kong du mo ji shu@f主编石澎, 马平
210    @a北京@c机械工业出版社@d2022.02
215    @a138页@c图@d24cm
320    @a有书目 (第138页)
330    @a本书以弱化理论、侧重实践与技能为原则, 按照工序将光学真空镀膜技术分为光学镀膜基础与膜系设计、光学薄膜制备技术、光学薄膜检测技术三部分, 对应光学薄膜制备的三个核心流程。基于工作过程和典型工作任务设置单元和内容, 使书中内容与职业岗位要求相匹配。
606 0  @a薄膜光学@Abo mo guang xue
606 0  @a真空技术@Azhen kong ji shu@x镀膜
690    @aO484.4@v5
690    @aTN305.8@v5
690    @aO48@v4
701  0 @a石澎@Ashi peng@4主编
701  0 @a马平@Ama ping@4主编
801  0 @aCN@b人天书店@c20220309
901    @a机械工业出版社
905    @aZUCC@dO48@e4
997    @a期货
    
    光学真空镀膜技术/主编石澎, 马平.-北京:机械工业出版社,2022.02
    138页:图;24cm
    
    
    ISBN 978-7-111-69356-7:CNY46.00
    本书以弱化理论、侧重实践与技能为原则, 按照工序将光学真空镀膜技术分为光学镀膜基础与膜系设计、光学薄膜制备技术、光学薄膜检测技术三部分, 对应光学薄膜制备的三个核心流程。基于工作过程和典型工作任务设置单元和内容, 使书中内容与职业岗位要求相匹配。
●
相关链接 在五车中查询图书 在当当中查询图书 在豆瓣中查询图书


正题名:光学真空镀膜技术     索取号:O48/4         预约/预借

序号 登录号 条形码 馆藏地/架位号 状态 备注
1 2000891704   2000891704   第三书库/ [索取号:O48/4] 在馆    
2 2000891705   2000891705   第三书库/ [索取号:O48/4] 在馆    
3 2000891706   2000891706   第三书库/ [索取号:O48/4] 在馆    
山东省滨州职业学院图书馆 欢迎您!
大连网信软件有限公司© 版权所有